| 000 | 00778nam a2200229 i 4500 | ||
|---|---|---|---|
| 001 | 125364 | ||
| 003 | ES-MaACL | ||
| 005 | 20230906192619.0 | ||
| 007 | t| | ||
| 008 | 070606q1910 sp a |||| | spa d | ||
| 080 | _a613.95 | ||
| 100 | 1 |
_aVillegas, María de Covadonga. _9155430 |
|
| 245 | 1 | 3 |
_aLa habitación, el vestido, la cocina del niño _b: con otros muchos pormenores prácticos interesantísimos / _cMaría de Covadonga Villegas. |
| 260 |
_aMadrid : _bRenacimiento, _c[1910?] ( _fImp. Latina) |
||
| 300 |
_a280 p. : _bil. ; _c18 cm. |
||
| 490 | 1 |
_aLa salud de nuestros hijos ; _v4 |
|
| 500 | _aÍndice. | ||
| 650 |
_aNiños- _xSalud e higiene. _915557 |
||
| 830 | 0 |
_aLa salud de nuestros hijos ; _v4 _9186632 |
|
| 852 |
_aES-MaACL _jF-689 |
||
| 999 |
_c125364 _d125364 |
||